UBT Library

Early biblical interpretation / (Record no. 40609)

000 -LEADER
fixed length control field 00574cam a2200217 a 4500
001 - CONTROL NUMBER
control field 2860910
005 - DATE AND TIME OF LATEST TRANSACTION
control field 20180119082457.0
008 - FIXED-LENGTH DATA ELEMENTS--GENERAL INFORMATION
fixed length control field 851016s1986 pau b 001 0 eng
010 ## - LIBRARY OF CONGRESS CONTROL NUMBER
LC control number 85026397
020 ## - INTERNATIONAL STANDARD BOOK NUMBER
International Standard Book Number 0664219071
040 ## - CATALOGING SOURCE
Original cataloging agency DLC
Transcribing agency DLC
Modifying agency DLC
041 ## - LANGUAGE CODE
Language code of text/sound track or separate title eng
080 ## - UNIVERSAL DECIMAL CLASSIFICATION NUMBER
Universal Decimal Classification number 220.6 KUG
082 00 - DEWEY DECIMAL CLASSIFICATION NUMBER
Classification number 220.6 KUG
Edition number 19
100 1# - Rafti
Rafti 24
101 ## - Shkurtesa
Shkurtesa TEO
245 10 - TITLE STATEMENT
Title Early biblical interpretation /
Statement of responsibility, etc James L. Kugel and Rowan A. Greer.
504 ## - BIBLIOGRAPHY, ETC. NOTE
Bibliography, etc Includes bibliographies and index.
906 ## - LOCAL DATA ELEMENT F, LDF (RLIN)
a 7
b cbc
c orignew
d 1
e ocip
f 19
g y-gencatlg
942 ## - ADDED ENTRY ELEMENTS (KOHA)
Source of classification or shelving scheme
Item type Books

No items available.

UBT Library © 2015-2024. All rights reserved University Education for Business and Technology